Cities Ending in P Quiz Stats

 Plays Quiz not verified by Sporcle

Score 0/10 Timer 10:00
0 Plays Today
State Incorporated Municipality % Correct
New MexicoGallup
62.2%
New YorkIslip
60%
WashingtonPuyallup
35.6%
AlabamaOpp
31.1%
Louisiana Bastrop
26.7%
TexasBastrop
26.7%
MassachusettsWinthrop
20%
IllinoisAlsip
13.3%
GeorgiaJesup
11.1%
CaliforniaLathrop
8.9%

You're not logged in!

Compare scores with friends on all Sporcle quizzes.
OR
Log In

Sporcle TV

Today on Sporcle TV


Watch our educational content, quiz creation guides, and fun videos on Sporcle TV.

Show Comments

Extras

Top Quizzes Today


Score Distribution

Your Account Isn't Verified!

In order to create a playlist on Sporcle, you need to verify the email address you used during registration. Go to your Sporcle Settings to finish the process.

Report this User

Report this user for behavior that violates our Community Guidelines.

Details: